01226cam a22002531 4500001001300000003000400013005001700017008004100034010001700075035001900092040001900111042001200130050002200142110006300164245009700227260002100324300003400345490002600379500006000405505036700465650003900832810008400871999001700955gs 15000391 DLC20260227111317.0781127s1913 msuab s000 0 eng  ags 15000391  a(OCoLC)4398561 aDLCcMsSMdDLC apremarc00aQE129b.A2 no. 112 aMississippi Geological, Economic, and Topographical Survey10aForest conditions of Mississippi,bbeing a reprint with additions of bulletins nos. 5 and 7. a[Jackson]c1913. a166 p.billus., maps.c23 cm.1 aIts Bulletin,vno. 11 aAt head of title: Mississippi State Geological Survey.0 aPreliminary examination of the forest conditions of Mississippi, by C. E. Dunston.-A study of forest conditions of southwestern Mississippi, by the United States Forest Service in co-operation with the Mississippi State Geological Survey, by J. S. Holmes [and] J. H. Foster.-Statistical supplement, by E. N. Lowe.-Note on the flora of Mississippi, by E. N. Lowe. 0aForests and forestryzMississippi.2 aMississippi Geological, Economic, and Topographical Survey.tBulletin,vno. 11. c25517d25517